| 000 | 00462nam a2200157Ia 4500 | ||
|---|---|---|---|
| 008 | 210210b2004 xxu||||| |||| 00| 0 eng d | ||
| 020 | _a81 86771 45 X | ||
| 082 | _a312 RAMC | ||
| 100 | _aRAMACHANDRUDU (G) and RAO (M Prasad). Ed. | ||
| 245 | _aCensus-2001 and human development in india. | ||
| 260 |
_aN D _bSerials Publications _c2004 |
||
| 300 | _axvii,502 | ||
| 650 | _aCensus 2001 Human Development | ||
| 690 | _aPopulation Statistics | ||
| 906 | _a060899 | ||
| 999 |
_c107978 _d107978 |
||